Missing Word: Top Grossing Movies (2014) Quiz Stats

 Plays Quiz Updated Jun 10, 2015

Challenge
Share
Tweet
Embed
Score 0/20 Timer 02:00
4 Plays Today
Movie Missing Word % Correct
The Hunger _____: Mockingjay - Part 1Games
97.5%
How to Train Your ______ 2Dragon
94.5%
_______ Mutant Ninja TurtlesTeenage
94.5%
The Lego _____Movie
92.6%
22 ____ StreetJump
91.1%
_________ of the GalaxyGuardians
87.2%
The _______ Spider-Man 2Amazing
87.1%
The Maze ______Runner
80.5%
Big ____ 6Hero
76.2%
X-Men: Days of ______ PastFuture
71.3%
Movie Missing Word % Correct
Captain America: The ______ SoldierWinter
67.9%
300: ____ of an EmpireRise
65.7%
____ GirlGone
65.3%
The Hobbit: The Battle of the Five ______Armies
63%
________ of MadagascarPenguins
54.8%
Edge of ________Tomorrow
53.7%
____ of the Planet of the ApesDawn
53.4%
American ______Sniper
42.8%
Transformers: Age of _________Extinction
39.7%
Night at the Museum: ______ of the TombSecret
23.6%

Today's Daily Dose

You're not logged in!

Compare scores with friends on all Sporcle quizzes.
OR
Log In

You Might Also Like...

Show Comments

Extras

Top Quizzes Today


Score Distribution

Your Account Isn't Verified!

In order to create a playlist on Sporcle, you need to verify the email address you used during registration. Go to your Sporcle Settings to finish the process.

Report this User

Report this user for behavior that violates our Community Guidelines.

Details: